European Journal of Multidisciplinary Studies

Uložené v:
Podrobná bibliografia
Médium: Seriál
Jazyk:English
Vydavateľské údaje: Tiranë EUSER
Tagy: Pridať tag
Žiadne tagy, Buďte prvý, kto otaguje tento záznam!

MARC

LEADER 00000nas1a2200000 4500
001 0258968
005 20230313092510.6
022 |a 2414-8385 
022 |a 2414-8377 
041 0 |a eng 
044 |a AL 
245 1 0 |a European Journal of Multidisciplinary Studies 
264 1 |a Tiranë  |b EUSER